[Event "VIII Open"]
[Site "Tarragona SPA"]
[Date "2007.08.21"]
[Round "4"]
[White "Munoz Pantoja, M."]
[Black "Kosten, A."]
[Result "1/2-1/2"]
[WhiteElo "2452"]
[BlackElo "2508"]
[PlyCount "103"]
[EventDate "2007.08.18"]
[Source "www.chesslib.no"]
[SourceDate "2004.05.04"]

1. e4 e5 2. Nf3 Nc6 3. Bb5 a6 4. Ba4 Nf6 5. Bxc6 dxc6 6. d3 Nd7 7. O-O Bd6 8. Nbd2 O-O 9. Nc4 Re8 10. c3 Bf8 11. Bg5 f6 12. Be3 Nc5 13. Ne1 Be6 14. Na5 Rb8 15. b4 Nd7 16. f4 exf4 17. Bxf4 c5 18. a3 Bf7 19. Nf3 Bd6 20. Qd2 Bxf4 21. Qxf4 Ne5 22. Nxe5 Rxe5 23. Rad1 Qe8 24. c4 Qa4 25. Rb1 Qxa3 26. Nb3 Qxb4 27. Nd2 Qc3 28. Nf3 Re7 29. Qe3 Rd7 30. Qxc5 Qxd3 31. e5 Qxc4 32. Qa7 Rbd8 33. exf6 gxf6 34. Qe3 b6 35. Rbc1 Qe6 36. Qf4 Qd6 37. Qh6 Bg6 38. Rc4 Qf8 39. Qh3 Qe8 40. Qh6 c5 41. Rg4 Rd1 42. Rxd1 Rxd1+ 43. Kf2 f5 44. Rg5 Rd6 45. Rxf5 Bxf5 46. Qxd6 Qe6 47. Qb8+ Kg7 48. Qc7+ Kg8 49. Qd8+ Kg7 50. Qc7+ Kg8 51. Qd8+ Kg7 52. Qc7+ 1/2-1/2

[Event "ARG-World"]
[Site "Buenos Aires"]
[Date "1994.??.??"]
[Round "5"]
[White "Spangenberg, Hugo"]
[Black "Lombardy, William James"]
[Result "1-0"]
[WhiteElo "2510"]
[BlackElo "2450"]
[PlyCount "63"]
[EventDate "1994.04.??"]
[Source "ChessBase"]

1. e4 e5 2. Nf3 Nc6 3. Bb5 a6 4. Ba4 Nf6 5. Bxc6 bxc6 6. d4 Nxe4 7. dxe5 d5 8. O-O Bc5 9. Nd4 O-O 10. Be3 Bxd4 11. Qxd4 c5 12. Qa4 d4 13. Bf4 Qh4 14. g3 Qh5 15. Qa3 Bh3 16. Re1 c4 17. f3 c3 18. g4 Bxg4 19. fxe4 Bh3 20. Nxc3 Qf3 21. Re2 Qxf4 22. Nd5 Qg4+ 23. Kf2 Qg2+ 24. Ke1 Qg1+ 25. Kd2 Qg5+ 26. Kd3 Qxe5 27. Qc5 f6 28. Rg1 Rf7 29. Rf2 Kh8 30. Qxd4 c6 31. Qxe5 fxe5 32. Rxf7 1-0

[Event "EST-chT Club Cup Liga-1"]
[Site "Tallinn"]
[Date "2000.02.25"]
[Round "?"]
[White "Gavrikov, Vi"]
[Black "Zjukin, S."]
[Result "1/2-1/2"]
[WhiteElo "2563"]
[BlackElo "2391"]
[PlyCount "122"]
[EventDate "2000.02.25"]
[Source "www.chesslib.no"]
[SourceDate "2004.05.04"]

1. e4 e5 2. Nf3 Nc6 3. Bb5 a6 4. Ba4 Nf6 5. Bxc6 dxc6 6. d3 Nd7 7. Nbd2 Bd6 8. Nc4 O-O 9. O-O Re8 10. b3 Nf8 11. Bb2 Ng6 12. Kh1 c5 13. a4 a5 14. Nfd2 Bf8 15. g3 b6 16. Qh5 f6 17. Ne3 Bd6 18. Rae1 Be6 19. Ndc4 Qd7 20. Bc3 Rad8 21. Rg1 Bf7 22. Qe2 Be6 23. f3 Ne7 24. f4 Bxc4 25. Nxc4 Nc6 26. f5 Nd4 27. Qd1 Qf7 28. Ref1 Kf8 29. g4 h6 30. Bd2 Ke7 31. Rg3 Kd7 32. h4 Kc8 33. Kg2 Rh8 34. c3 Nc6 35. Rh1 Be7 36. Qf3 Kb7 37. Kf2 Rdf8 38. Ke2 Rd8 39. Kd1 Rdg8 40. Kc2 Kb8 41. Rhh3 Bd8 42. Qh1 Qe8 43. Be3 Be7 44. Qg1 Qd8 45. Rh2 Na7 46. Nd2 Nc6 47. Nf3 Kb7 48. Rhg2 Re8 49. Rh2 Bd6 50. Rgh3 Be7 51. Rg3 Reg8 52. Rhg2 Re8 53. g5 hxg5 54. hxg5 Rh5 55. Rh2 Rxh2+ 56. Nxh2 Rh8 57. Qg2 Rh5 58. Nf3 Qd6 59. g6 c4 60. dxc4 Qa3 61. Nd2 Qa2+ 1/2-1/2

[Event "It Open"]
[Site "?"]
[Date "2005.05.01"]
[Round "1"]
[White "Majeric Zoran"]
[Black "Azarov Sergei"]
[Result "0-1"]
[WhiteElo "2381"]
[BlackElo "2572"]
[PlyCount "72"]
[EventDate "2005.??.??"]
[Source "www.chesslib.no"]
[SourceDate "2004.05.04"]

1. e4 e5 2. Nf3 Nc6 3. Bb5 a6 4. Ba4 Nf6 5. Bxc6 dxc6 6. d3 Nd7 7. Nfd2 Bd6 8. Nc4 O-O 9. O-O c5 10. a4 Re8 11. h3 Nb8 12. Be3 Nc6 13. Nxd6 cxd6 14. Nd2 Be6 15. Qe1 b6 16. f4 exf4 17. Bxf4 d5 18. c3 dxe4 19. dxe4 Ne7 20. Rf3 Ng6 21. Bg3 Qd7 22. Qe2 Rad8 23. Nc4 Qc6 24. a5 b5 25. Nb6 c4 26. Kh2 Qc5 27. e5 h5 28. Re1 b4 29. cxb4 Qxb4 30. Rc1 Rd2 31. Qf1 Qxb2 32. Rfc3 Rd3 33. Nxc4 Bxc4 34. Rxc4 Rxg3 35. Rc8 Rxc8 36. Rxc8+ Kh7 0-1

[Event "Silkeborg"]
[Site "Silkeborg"]
[Date "1983.??.??"]
[Round "11"]
[White "Radulov, Ivan"]
[Black "Velikov, Petar"]
[Result "1/2-1/2"]
[WhiteElo "2490"]
[BlackElo "2460"]
[PlyCount "31"]
[EventDate "1983.??.??"]
[Source "ChessBase"]

1. e4 e5 2. Nf3 Nc6 3. Bb5 a6 4. Ba4 Nf6 5. Bxc6 dxc6 6. O-O Nd7 7. b3 Bd6 8. Bb2 O-O 9. d3 f6 10. Nbd2 Nc5 11. Nh4 g6 12. g3 Bh3 13. Ng2 Ne6 14. Nc4 c5 15. a4 b5 16. Nd2 1/2-1/2

[Event "Moscow Aeroflot op"]
[Site "Moscow"]
[Date "2002.02.06"]
[Round "3"]
[White "Bartel, Mateusz"]
[Black "Mikhalevski, Victor"]
[Result "1/2-1/2"]
[WhiteElo "2413"]
[BlackElo "2531"]
[PlyCount "97"]
[EventDate "2002.02.04"]
[Source "ChessBase"]
[SourceDate "2002.03.21"]

1. e4 e5 2. Nf3 Nc6 3. Bb5 a6 4. Ba4 Nf6 5. Bxc6 dxc6 6. d3 Nd7 7. Nbd2 Bd6 8. b3 Nf8 9. Bb2 Ng6 10. Nc4 f6 11. Qd2 Bg4 12. Ng1 h5 13. f3 Be6 14. Ne3 a5 15. Ne2 a4 16. d4 b5 17. Rd1 axb3 18. axb3 Ra2 19. Bc3 Qe7 20. Nc1 Ra8 21. O-O O-O 22. Ne2 Rad8 23. Kh1 Qf7 24. Qe1 Nf4 25. Rd2 Rfe8 26. Ng3 g6 27. Qd1 h4 28. dxe5 hxg3 29. exd6 Qh7 30. h3 Bxh3 31. gxh3 Qxh3+ 32. Kg1 Rd7 33. Ng4 g2 34. Nxf6+ Kf7 35. Kf2 Qh4+ 36. Ke3 gxf1=N+ 37. Qxf1 Rxd6 38. Nxe8 Kxe8 39. Be5 Rxd2 40. Kxd2 Qg5 41. Bxf4 Qxf4+ 42. Ke2 Kf7 43. Qh3 Kf6 44. c3 c5 45. Qh8+ Kf7 46. Qd8 Qh2+ 47. Kd3 Qd6+ 48. Qxd6 cxd6 49. f4 1/2-1/2

[Event "Domen Lucija, Open"]
[Site "Portoroz"]
[Date "2004.04.16"]
[Round "7"]
[White "Solak, Dragan"]
[Black "Nikolov, Sasho"]
[Result "1-0"]
[WhiteElo "2552"]
[BlackElo "2392"]
[PlyCount "55"]
[EventDate "2004.04.24"]
[Source "Roberto Alvarez"]
[SourceDate "2004.05.10"]

1. e4 e5 2. Nf3 Nc6 3. Bb5 a6 4. Ba4 Nf6 5. Bxc6 dxc6 6. d3 Nd7 7. Nbd2 g6 8. Nc4 Bg7 9. Bd2 O-O 10. Qc1 b5 11. Na5 c5 12. Bh6 f6 13. Bxg7 Kxg7 14. Qe3 Qe7 15. O-O Nb6 16. c4 Be6 17. Rfc1 Nd7 18. Nd2 bxc4 19. Ndxc4 Rf7 20. Rc2 Qf8 21. Rac1 Rb8 22. Nb3 Rb4 23. Nbd2 Qd8 24. b3 Nb8 25. a4 Rb7 26. Na5 Rb6 27. Rxc5 Rd6 28. Nb7 1-0

[Event "Toth Memorial"]
[Site "Kecskemet HUN"]
[Date "1977.??.??"]
[Round "?"]
[White "Hazai, Laszlo"]
[Black "Vogt, Lothar H"]
[Result "1/2-1/2"]
[WhiteElo "2440"]
[BlackElo "2495"]
[PlyCount "33"]
[EventDate "1977.03.??"]
[Source "www.chesslib.no"]
[SourceDate "2004.05.04"]

1. e4 e5 2. Nf3 Nc6 3. Bb5 a6 4. Ba4 Nf6 5. Bxc6 dxc6 6. d3 Bd6 7. Nbd2 O-O 8. Nc4 Nd7 9. Bd2 f6 10. g4 Nc5 11. Ne3 g6 12. h4 Be6 13. h5 g5 14. Nh2 Rf7 15. Nhf1 Bf8 16. Ng3 Qd7 17. Ngf5 1/2-1/2

[Event "Sarajevo"]
[Site "Sarajevo BIH"]
[Date "1971.??.??"]
[Round "5"]
[White "Bogdanovic, Rajko"]
[Black "Ciric, Dragoljub M"]
[Result "1/2-1/2"]
[WhiteElo "2430"]
[BlackElo "2500"]
[PlyCount "38"]
[EventDate "1971.??.??"]
[Source "www.chesslib.no"]
[SourceDate "2004.05.04"]

1. e4 e5 2. Nf3 Nc6 3. Bb5 a6 4. Ba4 Nf6 5. Bxc6 dxc6 6. d3 Bg4 7. h3 Bxf3 8. Qxf3 g6 9. O-O Bg7 10. Nd2 O-O 11. Nc4 Nd7 12. Qg3 Qe7 13. Be3 c5 14. a4 Rfe8 15. f4 exf4 16. Bxf4 Ne5 17. Nxe5 Bxe5 18. Bxe5 Qxe5 19. Qxe5 Rxe5 1/2-1/2

[Event "It (open)"]
[Site "?"]
[Date "2005.07.11"]
[Round "4"]
[White "Radovanovic Jovica"]
[Black "Mikhalevski Victor"]
[Result "1/2-1/2"]
[WhiteElo "2357"]
[BlackElo "2572"]
[PlyCount "106"]
[EventDate "2005.??.??"]
[Source "www.chesslib.no"]
[SourceDate "2004.05.04"]

1. e4 e5 2. Nf3 Nc6 3. Bb5 a6 4. Ba4 Nf6 5. Bxc6 dxc6 6. d3 Nd7 7. Nbd2 g6 8. h4 h5 9. Nc4 Qe7 10. Qe2 Bg7 11. Bd2 O-O 12. O-O-O Re8 13. Kb1 Nf8 14. Ng5 a5 15. f3 b5 16. Ne3 f6 17. Nh3 f5 18. exf5 gxf5 19. g4 hxg4 20. fxg4 fxg4 21. Nxg4 e4 22. Rhg1 Kh8 23. Bh6 exd3 24. Qxd3 Bxg4 25. Bxg7+ Qxg7 26. Qg3 Rad8 27. Rxd8 Rxd8 28. Nf2 Nh7 29. Qxg4 Qxg4 30. Rxg4 Rf8 31. Nd1 Rf1 32. Rd4 Nf6 33. c3 Nd5 34. Kc2 Rh1 35. Re4 Rh2+ 36. Kc1 Kh7 37. a3 a4 38. c4 bxc4 39. Rxc4 Rh1 40. Rxc6 Rxh4 41. Nc3 Rh1+ 42. Kd2 Rh2+ 43. Kd3 Nf4+ 44. Ke4 Rxb2 45. Kxf4 Rb3 46. Kg5 Rxa3 47. Rxc7+ Kg8 48. Kg6 Kf8 49. Kf6 Ke8 50. Ke6 Kd8 51. Kd6 Ra1 52. Nd5 Rd1 53. Ra7 Ke8 1/2-1/2

[Event "Geller Memorial Open A"]
[Site "?"]
[Date "2005.09.17"]
[Round "3"]
[White "Galakhov Vladimir"]
[Black "Malaniuk Vladimir P"]
[Result "0-1"]
[WhiteElo "2405"]
[BlackElo "2513"]
[PlyCount "82"]
[EventDate "2005.??.??"]
[Source "www.chesslib.no"]
[SourceDate "2004.05.04"]

1. e4 e5 2. Nf3 Nc6 3. Bb5 a6 4. Ba4 Nf6 5. Bxc6 dxc6 6. d3 Nd7 7. Nbd2 f6 8. O-O Be7 9. Nc4 Nc5 10. Nh4 Be6 11. Nf5 Bf8 12. Qe2 g6 13. Ng3 Qe7 14. b4 Na4 15. f4 Qxb4 16. fxe5 Bxc4 17. dxc4 Qc5+ 18. Kh1 Qxe5 19. Bf4 Qe6 20. Bxc7 Be7 21. Rf3 O-O 22. Rb1 b5 23. Nf1 b4 24. Re1 Rac8 25. Bg3 Nc3 26. Qe3 Qxc4 27. e5 Nd5 28. Qb3 Qxb3 29. axb3 a5 30. Ne3 Nxe3 31. Rfxe3 Rcd8 32. R3e2 Rd5 33. h3 f5 34. e6 f4 35. Bf2 g5 36. Re5 Rf5 37. Bd4 Rfxe5 38. Bxe5 Rd2 39. c3 Rd3 40. cxb4 Bxb4 41. Re4 Re3 0-1

[Event "Cairo zt 4.2"]
[Site "Cairo"]
[Date "2000.06.06"]
[Round "1"]
[White "Labib, Ibrahim Hasan"]
[Black "El Taher, Fouad"]
[Result "1/2-1/2"]
[WhiteElo "2426"]
[BlackElo "2471"]
[PlyCount "103"]
[EventDate "2000.06.03"]
[Source "ChessBase"]
[SourceDate "2000.07.11"]

1. e4 e5 2. Nf3 Nc6 3. Bb5 a6 4. Ba4 Nf6 5. Bxc6 dxc6 6. d3 Nd7 7. Nbd2 Bd6 8. Nc4 O-O 9. d4 exd4 10. Nxd6 cxd6 11. Qxd4 Re8 12. Qxd6 Qa5+ 13. c3 Rxe4+ 14. Be3 Nf6 15. Nd2 Re6 16. Qd4 c5 17. Qc4 Qc7 18. O-O-O b6 19. Bf4 Qe7 20. Nf3 h6 21. Rhe1 Rxe1 22. Rxe1 Be6 23. Qd3 Qb7 24. a3 b5 25. Be5 b4 26. axb4 cxb4 27. Bxf6 gxf6 28. Nd4 bxc3 29. Nxe6 Qxb2+ 30. Kd1 Qb3+ 31. Qc2 Qxc2+ 32. Kxc2 Re8 33. Kxc3 Rxe6 34. Rxe6 fxe6 35. Kb4 f5 36. Ka5 e5 37. Kxa6 Kf7 38. Kb5 Ke6 39. Kc5 f4 40. Kc4 Kf5 41. Kd3 h5 42. h4 Kg4 43. Ke4 Kxh4 44. Kxe5 Kg4 45. Kd4 h4 46. Ke4 f3 47. gxf3+ Kg5 48. f4+ Kg4 49. f5 h3 50. f6 h2 51. f3+ Kg3 52. f7 1/2-1/2

[Event "Bijeljina Dvorovi"]
[Site "Bijeljina Dvorovi"]
[Date "2002.02.02"]
[Round "8"]
[White "Dumitrache, Dragos"]
[Black "Orlov, Pavle"]
[Result "1-0"]
[WhiteElo "2506"]
[BlackElo "2390"]
[PlyCount "100"]
[EventDate "2002.01.26"]
[Source "ChessBase"]
[SourceDate "2002.03.21"]

1. e4 e5 2. Nf3 Nc6 3. Bb5 a6 4. Ba4 Nf6 5. Bxc6 dxc6 6. d3 Nd7 7. Nbd2 Be7 8. Nc4 f6 9. Nh4 Nf8 10. O-O Be6 11. Na5 Qd6 12. Kh1 O-O-O 13. f4 Ng6 14. Nf5 Bxf5 15. exf5 Nxf4 16. Nc4 Qd7 17. Bxf4 exf4 18. Rxf4 Bd6 19. Rf1 Rde8 20. Qf3 Re7 21. Rae1 Rhe8 22. Re4 Rxe4 23. dxe4 Bc5 24. Qd3 Qxd3 25. cxd3 Bd4 26. b3 b6 27. g4 g5 28. Kg2 h5 29. gxh5 Rh8 30. Rf3 Rxh5 31. Rh3 Rxh3 32. Kxh3 Kd7 33. Nd2 c5 34. Nf3 Bc3 35. Kg4 b5 36. Kh5 Kd6 37. h3 Bb2 38. Kg6 Ba1 39. Nh2 c4 40. dxc4 bxc4 41. bxc4 Kc5 42. Ng4 Kxc4 43. e5 fxe5 44. f6 Bb2 45. f7 Ba3 46. Nxe5+ Kd5 47. Nd7 Ke6 48. f8=Q Bxf8 49. Nxf8+ Ke7 50. Nh7 c5 1-0

[Event "BUL Ch"]
[Site "Pernik"]
[Date "1983.??.??"]
[Round "9"]
[White "Velikov, Petar V"]
[Black "Popov, Luben S"]
[Result "1/2-1/2"]
[WhiteElo "2475"]
[BlackElo "2420"]
[PlyCount "36"]
[EventDate "1983.09.17"]
[Source "www.chesslib.no"]
[SourceDate "2004.05.04"]

1. e4 e5 2. Nf3 Nc6 3. Bb5 a6 4. Ba4 Nf6 5. Bxc6 dxc6 6. d3 Bd6 7. Nbd2 O-O 8. Nc4 Nd7 9. O-O f6 10. Nh4 Nc5 11. Nf5 Be6 12. Nce3 a5 13. Nxd6 cxd6 14. f4 exf4 15. Rxf4 Nd7 16. Kh1 Ne5 17. Bd2 Ng6 18. Rf2 d5 1/2-1/2

[Event "Helsinki Open"]
[Site "Helsinki FIN"]
[Date "1991.??.??"]
[Round "?"]
[White "Kiik, Kalle"]
[Black "Veingold, Aleksandr"]
[Result "1/2-1/2"]
[WhiteElo "2425"]
[BlackElo "2465"]
[PlyCount "23"]
[EventDate "1991.??.??"]
[Source "www.chesslib.no"]
[SourceDate "2004.05.04"]

1. e4 e5 2. Nf3 Nc6 3. Bb5 a6 4. Ba4 Nf6 5. Bxc6 dxc6 6. d3 Bg4 7. h3 Bxf3 8. Qxf3 Nd7 9. Be3 Bc5 10. Nd2 Bxe3 11. Qxe3 Qf6 12. O-O 1/2-1/2

[Event "HUN-chT 9899"]
[Site "?"]
[Date "1998.??.??"]
[Round "?"]
[White "Ozsvath Andras"]
[Black "Pinter Jozsef"]
[Result "0-1"]
[WhiteElo "2290"]
[BlackElo "2595"]
[PlyCount "104"]
[EventDate "1998.??.??"]
[Source "www.chesslib.no"]
[SourceDate "2004.05.04"]

1. e4 e5 2. Nf3 Nc6 3. Bb5 a6 4. Ba4 Nf6 5. Bxc6 dxc6 6. d3 Bd6 7. Nbd2 c5 8. Nc4 Nd7 9. a4 b6 10. Bd2 O-O 11. O-O Re8 12. Bc3 a5 13. h3 Ba6 14. Ne3 Nf8 15. Nh2 Ng6 16. g3 Bc8 17. Qh5 h6 18. h4 Bh3 19. Nf5 Re6 20. Kh1 Bf8 21. Rg1 Ne7 22. Qf3 h5 23. Qxh5 Nxf5 24. exf5 Qd5+ 25. f3 Rh6 26. Qg5 Re8 27. Rae1 f6 28. Qd2 Bxf5 29. Qf2 Bd7 30. Bd2 Rh7 31. b3 Bc6 32. Re3 Qd7 33. c4 Qd4 34. Bc1 Rd8 35. Bb2 Qd7 36. Rge1 Qf7 37. Kg1 Qg6 38. g4 Bd6 39. Kf1 Rf8 40. R1e2 Qh6 41. h5 g6 42. hxg6 Qxg6 43. Ke1 e4 44. f4 exd3 45. Rd2 Re8 46. Kf1 Re4 47. Rdxd3 Rxf4 48. Nf3 Rh1+ 49. Ke2 Bxf3+ 50. Rxf3 Qe4+ 51. Kd2 Rxf3 52. Qxf3 Qe1+ 0-1

[Event "Buenos Aires Konex"]
[Site "Buenos Aires ARG"]
[Date "1991.??.??"]
[Round "5"]
[White "Tempone, Marcelo J"]
[Black "Slipak, Sergio"]
[Result "1/2-1/2"]
[WhiteElo "2460"]
[BlackElo "2415"]
[PlyCount "31"]
[EventDate "1991.03.??"]
[Source "www.chesslib.no"]
[SourceDate "2004.05.04"]

1. e4 e5 2. Nf3 Nc6 3. Bb5 a6 4. Ba4 Nf6 5. Bxc6 dxc6 6. d3 Nd7 7. Nbd2 Bc5 8. Nc4 O-O 9. O-O Re8 10. b3 f6 11. Bb2 Nf8 12. Ne3 Ne6 13. Nf5 Nf4 14. g3 Bxf5 15. exf5 Nd5 16. Qe2 1/2-1/2

[Event "BUL Ch"]
[Site "Sofia BUL"]
[Date "1982.??.??"]
[Round "3"]
[White "Spiridonov, Nikola"]
[Black "Popov, Luben S"]
[Result "1/2-1/2"]
[WhiteElo "2440"]
[BlackElo "2435"]
[PlyCount "32"]
[EventDate "1982.??.??"]
[Source "www.chesslib.no"]
[SourceDate "2004.05.04"]

1. e4 e5 2. Nf3 Nc6 3. Bb5 a6 4. Ba4 Nf6 5. Bxc6 dxc6 6. d3 Bg4 7. h3 Bxf3 8. Qxf3 Be7 9. Nd2 O-O 10. O-O Nd7 11. Nc4 f6 12. Qg3 Bd6 13. f4 exf4 14. Bxf4 Bxf4 15. Qxf4 b5 16. Ne3 Ne5 1/2-1/2

[Event "Tirnavia-A"]
[Site "Trnava SVK"]
[Date "1979.??.??"]
[Round "6"]
[White "Kovacs, Laszlo M"]
[Black "Plachetka, Jan"]
[Result "1/2-1/2"]
[WhiteElo "2430"]
[BlackElo "2445"]
[PlyCount "26"]
[EventDate "1979.03.??"]
[Source "www.chesslib.no"]
[SourceDate "2004.05.04"]

1. e4 e5 2. Nf3 Nc6 3. Bb5 a6 4. Ba4 Nf6 5. Bxc6 dxc6 6. d3 Nd7 7. Nbd2 Bd6 8. O-O O-O 9. Nc4 Re8 10. b3 c5 11. Bb2 f6 12. Nh4 Nb8 13. Nf5 Nc6 1/2-1/2

[Event "It B"]
[Site "?"]
[Date "2005.04.06"]
[Round "6"]
[White "Garcia Luque Agustin"]
[Black "Perez Candelario Manuel"]
[Result "0-1"]
[WhiteElo "2376"]
[BlackElo "2495"]
[PlyCount "82"]
[EventDate "2005.??.??"]
[Source "www.chesslib.no"]
[SourceDate "2004.05.04"]

1. e4 e5 2. Nf3 Nc6 3. Bb5 a6 4. Ba4 Nf6 5. Bxc6 dxc6 6. d3 Nd7 7. O-O Bd6 8. a4 O-O 9. Nbd2 Re8 10. Nc4 c5 11. Be3 Nb8 12. Nfd2 Bf8 13. f4 exf4 14. Rxf4 Nc6 15. Qf3 Nd4 16. Bxd4 Qxd4+ 17. Kh1 Be6 18. Rf1 b5 19. c3 Qd8 20. Ne5 Qg5 21. d4 Bd6 22. h4 Qh6 23. Rf2 cxd4 24. cxd4 c5 25. g3 f6 26. Ng4 Bxg4 27. Rxg4 cxd4 28. Qb3+ Kh8 29. Qf7 Rad8 30. axb5 axb5 31. Kg2 d3 32. Nf3 Re7 33. Qd5 Bc7 34. Qc5 Red7 35. e5 d2 36. Nxd2 Rxd2 37. Qxc7 Rxf2+ 38. Kxf2 Qd2+ 39. Kf3 Qd1+ 40. Kf4 Rd4+ 41. Ke3 Rd3+ 0-1

[Event "Katowice Open"]
[Site "Katowice POL"]
[Date "1995.??.??"]
[Round "5"]
[White "Pinski, Jan"]
[Black "Romanishin, Oleg M"]
[Result "1/2-1/2"]
[WhiteElo "2275"]
[BlackElo "2595"]
[PlyCount "105"]
[EventDate "1995.??.??"]
[Source "www.chesslib.no"]
[SourceDate "2004.05.04"]

1. e4 e5 2. Nf3 Nc6 3. Bb5 a6 4. Ba4 Nf6 5. Bxc6 dxc6 6. d3 Bd6 7. Nbd2 Be6 8. d4 Nd7 9. c3 O-O 10. O-O Re8 11. Qc2 Qf6 12. b3 Qg6 13. Kh1 Bg4 14. Re1 Qh5 15. dxe5 Nxe5 16. Nxe5 Bxe5 17. Nf1 Rad8 18. Be3 Bd6 19. f3 Bc8 20. Rad1 f5 21. exf5 Qxf5 22. Qf2 Qa5 23. b4 Qh5 24. Bd4 Be6 25. Re4 Qf7 26. Rde1 Bf5 27. Rxe8+ Rxe8 28. Rxe8+ Qxe8 29. Qe3 Qxe3 30. Nxe3 Be6 31. a3 b6 32. c4 c5 33. bxc5 bxc5 34. Bc3 Bf4 35. Bd2 Kf7 36. g3 Be5 37. Kg2 Ke7 38. Kf2 Bb2 39. a4 Bd4 40. Ke2 Bxe3 41. Kxe3 Bxc4 42. Bc3 g6 43. a5 Ke6 44. h4 Bb5 45. g4 Be8 46. g5 Ba4 47. f4 Kf5 48. Be5 c6 49. Bd6 c4 50. Kd4 Bb5 51. Bb8 Kg4 52. Bd6 Kxh4 53. Kc3 1/2-1/2

[Event "XXVII Conca della Presolana"]
[Site "Castione ITA"]
[Date "2007.08.24"]
[Round "2"]
[White "Rossi, Carlo"]
[Black "David, Alberto"]
[Result "1/2-1/2"]
[WhiteElo "2340"]
[BlackElo "2529"]
[PlyCount "43"]
[EventDate "2007.08.23"]
[Source "www.chesslib.no"]
[SourceDate "2004.05.04"]

1. e4 e5 2. Nf3 Nc6 3. Bb5 a6 4. Ba4 Nf6 5. Bxc6 dxc6 6. d3 Nd7 7. Nbd2 Bd6 8. O-O O-O 9. Nc4 Re8 10. b3 Nf8 11. Bb2 Ng6 12. d4 exd4 13. Qxd4 Bf8 14. Qe3 Qe7 15. Rfe1 Be6 16. Nce5 Nxe5 17. Nxe5 Rad8 18. Nd3 f6 19. Qg3 Qf7 20. e5 fxe5 21. Bxe5 Bd6 22. Re3 1/2-1/2

[Event "Wroclaw-A"]
[Site "Wroclaw POL"]
[Date "1980.??.??"]
[Round "7"]
[White "Tonchev, Miroslav"]
[Black "Lukacs, Peter"]
[Result "0-1"]
[WhiteElo "2460"]
[BlackElo "2405"]
[PlyCount "46"]
[EventDate "1980.05.??"]
[Source "www.chesslib.no"]
[SourceDate "2004.05.04"]

1. e4 e5 2. Nf3 Nc6 3. Bb5 a6 4. Ba4 Nf6 5. Bxc6 dxc6 6. d3 Nd7 7. Nbd2 Be7 8. Nc4 f6 9. Nh4 g6 10. Bh6 Nc5 11. O-O Be6 12. Na5 Rb8 13. a4 Bf7 14. b4 Ne6 15. Rb1 Qd7 16. g3 b6 17. Nc4 c5 18. b5 axb5 19. axb5 Nd4 20. Na3 g5 21. c3 gxh4 22. cxd4 hxg3 23. d5 Qh3 0-1

[Event "Tallinn"]
[Site "Tallinn"]
[Date "1981.??.??"]
[Round "5"]
[White "Karner, Hillar"]
[Black "Hazai, Laszlo"]
[Result "0-1"]
[WhiteElo "2410"]
[BlackElo "2450"]
[PlyCount "83"]
[EventDate "1981.03.??"]
[Source "ChessBase"]

1. e4 e5 2. Nf3 Nc6 3. Bb5 a6 4. Ba4 Nf6 5. Bxc6 dxc6 6. Nc3 Bc5 7. d3 Qe7 8. Be3 Bg4 9. h3 Bh5 10. Qe2 Nd7 11. g4 Bg6 12. O-O-O Bb4 13. Nb1 O-O-O 14. Nbd2 Rhe8 15. Nc4 f6 16. Nh4 Bf7 17. Nf5 Qf8 18. Kb1 Qg8 19. b3 Qf8 20. h4 b5 21. Nb2 Nc5 22. c3 Ba3 23. f3 g6 24. Nh6 Be6 25. d4 Nb7 26. Nd3 exd4 27. cxd4 c5 28. dxc5 Nxc5 29. Nxc5 Bxc5 30. Rc1 Ba3 31. Rc6 Kb7 32. Qc2 Rd7 33. Bc1 Bb4 34. Bb2 Bc4 35. bxc4 Kxc6 36. cxb5+ Kxb5 37. Rc1 Qd6 38. Qc4+ Kb6 39. Bxf6 Ba3 40. Bb2 Qd3+ 41. Qxd3 Rxd3 42. Bxa3 0-1

[Event "URS-chT"]
[Site "Riga"]
[Date "1975.??.??"]
[Round "?"]
[White "Kupreichik, Viktor D"]
[Black "Kakageldyev, Amanmurad"]
[Result "0-1"]
[WhiteElo "2460"]
[BlackElo "2395"]
[PlyCount "86"]
[EventDate "1975.??.??"]
[Source "ChessBase"]

1. e4 e5 2. Nf3 Nc6 3. Bb5 a6 4. Ba4 Nf6 5. Bxc6 dxc6 6. d3 Bd6 7. Nbd2 Qe7 8. Nc4 c5 9. Bg5 h6 10. Bh4 g5 11. Bg3 Nd7 12. Qe2 f6 13. h4 g4 14. Nfd2 h5 15. f4 exf4 16. Nxd6+ cxd6 17. Bxf4 Ne5 18. Bxe5 fxe5 19. Nc4 Be6 20. Nb6 Rd8 21. a4 O-O 22. O-O-O Rf7 23. Nc4 b5 24. axb5 axb5 25. Ne3 Rdf8 26. Rdf1 Rxf1+ 27. Nxf1 Qa7 28. Ng3 c4 29. Rf1 Rxf1+ 30. Nxf1 Qa1+ 31. Kd2 Qxb2 32. dxc4 Qb4+ 33. Kc1 Qa3+ 34. Kd2 Qa5+ 35. Kc1 Bxc4 36. Qe3 Qa1+ 37. Kd2 Qxf1 38. Qg5+ Kf8 39. Qd8+ Kf7 40. Qd7+ Kg6 41. Qxd6+ Qf6 42. Qb8 Qf4+ 43. Kc3 Qxe4 0-1

[Event "Kamen Piskov Memorial 2nd"]
[Site "Ruse"]
[Date "1978.??.??"]
[Round "9"]
[White "Ilievski, Dimitar"]
[Black "Kolarov, Atanas S"]
[Result "1/2-1/2"]
[WhiteElo "2420"]
[BlackElo "2435"]
[PlyCount "58"]
[EventDate "1978.06.??"]
[Source "www.chesslib.no"]
[SourceDate "2004.05.04"]

1. e4 e5 2. Nf3 Nc6 3. Bb5 a6 4. Ba4 Nf6 5. Bxc6 dxc6 6. Nc3 Bg4 7. h3 Bxf3 8. Qxf3 Nd7 9. O-O Bc5 10. d3 Qe7 11. Na4 f6 12. Be3 Bxe3 13. Qxe3 Qb4 14. b3 b5 15. a3 Qd6 16. Nc3 Nc5 17. Ne2 Ne6 18. f4 exf4 19. Nxf4 Nd4 20. Rf2 O-O 21. Re1 Rfe8 22. g4 Ne6 23. Nxe6 Rxe6 24. b4 a5 25. c3 h6 26. Kg2 axb4 27. axb4 Rd8 28. Rf3 Rde8 29. Rf5 Rd8 1/2-1/2

[Event "HUN-ch"]
[Site "Budapest"]
[Date "1976.??.??"]
[Round "12"]
[White "Hazai, Laszlo"]
[Black "Pinter, Jozsef"]
[Result "1/2-1/2"]
[WhiteElo "2430"]
[BlackElo "2420"]
[PlyCount "25"]
[EventDate "1976.12.??"]
[Source "ChessBase"]

1. e4 e5 2. Nf3 Nc6 3. Bb5 a6 4. Ba4 Nf6 5. Bxc6 dxc6 6. d3 Bc5 7. Nbd2 Qe7 8. Nc4 Nd7 9. Bd2 O-O 10. Qe2 f6 11. Ne3 Nb6 12. h3 Be6 13. g4 1/2-1/2

[Event "HUN-chT1 9596"]
[Site "HUN"]
[Date "1996.??.??"]
[Round "9"]
[White "Ozsvath, Andras"]
[Black "Gyimesi, Zoltan"]
[Result "1/2-1/2"]
[WhiteElo "2300"]
[BlackElo "2545"]
[PlyCount "113"]
[EventDate "1995.??.??"]
[Source "www.chesslib.no"]
[SourceDate "2004.05.04"]

1. e4 e5 2. Nf3 Nc6 3. Bb5 a6 4. Ba4 Nf6 5. Bxc6 dxc6 6. d3 Bd6 7. Nbd2 c5 8. Nc4 Qe7 9. a4 Nd7 10. a5 Nb8 11. O-O Nc6 12. h3 Be6 13. Ne3 O-O-O 14. Nd2 g6 15. Ndc4 f5 16. Bd2 Kb8 17. Nd5 Bxd5 18. exd5 Nb4 19. Bxb4 cxb4 20. Re1 Rhe8 21. c3 e4 22. Qb3 Qf8 23. dxe4 Rxe4 24. Rxe4 fxe4 25. Nxd6 Qxd6 26. Rd1 bxc3 27. bxc3 Qc5 28. c4 Qxa5 29. Rb1 Qb6 30. Qxb6 cxb6 31. Rxb6 Rc8 32. Rb4 Rc5 33. Kf1 a5 34. Ra4 Kc7 35. Ke2 Kd6 36. f4 exf3+ 37. Kxf3 b6 38. Ke4 b5 39. Rxa5 Rxc4+ 40. Kd3 Rc5 41. Ra6+ Kxd5 42. Rb6 Ke5 43. g3 Rd5+ 44. Ke3 Kf5 45. Rc6 Re5+ 46. Kd3 Kg5 47. Kd4 Rf5 48. Ke4 Kh6 49. Rc7 Rf1 50. Rb7 Rb1 51. h4 b4 52. g4 g5 53. h5 Rf1 54. Ke5 Rf4 55. Rb6+ Kg7 56. Rb7+ Kg8 57. Rb8+ 1/2-1/2